[Event "Lindores Abbey Tal Blitz 2021"]
[Site "Riga"]
[Date "2021.11.08"]
[Round "17.28"]
[White "Kovalev, Vladislav"]
[Black "Swiercz, Dariusz"]
[Result "1/2-1/2"]
[WhiteElo "2634"]
[BlackElo "2647"]
[Annotator "TA"]
[PlyCount "66"]
[EventDate "2021.11.02"]
[EventType "swiss"]
[EventCountry "LAT"]
[SourceTitle "playchess.com"]
[Source "ChessBase"]
[SourceQuality "1"]

1. e4 e5 2. Nf3 Nc6 3. Bb5 Nf6 4. O-O Nxe4 5. Re1 Nd6 6. Nxe5 Be7 7. Bf1 Nxe5
8. Rxe5 O-O 9. d4 Ne8 10. a4 d6 11. Re1 d5 12. a5 Nd6 13. Bf4 Bg5 14. Qd2 h6
15. Nc3 c6 16. Bxg5 Qxg5 17. Qxg5 hxg5 18. Na4 Bf5 19. c3 Rfe8 20. h3 Kf8 21.
f3 Rxe1 22. Rxe1 Re8 23. Rc1 Rb8 24. Nc5 b6 25. Na6 Rc8 26. axb6 axb6 27. Nb4
Be6 28. Rd1 Ke7 29. Kf2 Kd7 30. Ra1 c5 31. Nc2 Bf5 32. Ne3 Be6 33. Nc2 Bf5
1/2-1/2

[Event "Lindores Abbey Tal Blitz 2021"]
[Site "Riga"]
[Date "2021.11.08"]
[Round "17.29"]
[White "Kryvoruchko, Yuriy"]
[Black "Sadhwani, Raunak"]
[Result "1-0"]
[WhiteElo "2681"]
[BlackElo "2609"]
[Annotator "TA"]
[PlyCount "59"]
[EventDate "2021.11.02"]
[EventType "swiss"]
[EventCountry "LAT"]
[SourceTitle "playchess.com"]
[Source "ChessBase"]
[SourceQuality "1"]

1. e4 e5 2. Nf3 Nc6 3. Bb5 Nge7 4. Nc3 Ng6 5. d4 exd4 6. Nxd4 Nxd4 7. Qxd4 c6
8. Be2 Qb6 9. Qd2 Be7 10. O-O O-O 11. b3 d6 12. Bb2 Qc7 13. f4 f5 14. exf5 Bxf5
15. g4 Bd7 16. Rae1 d5 17. f5 Ne5 18. Bd1 Rae8 19. Nxd5 Bc5+ 20. Ne3 Rd8 21.
Qc3 Bd6 22. Nc4 Bxf5 23. gxf5 Nxc4 24. Qxc4+ Kh8 25. f6 gxf6 26. Kh1 Qg7 27.
Qh4 Be7 28. Bf3 Qf7 29. Be4 Rd6 30. Bxh7 1-0

[Event "Lindores Abbey Tal Blitz 2021"]
[Site "Riga"]
[Date "2021.11.08"]
[Round "17.30"]
[White "Volokitin, Andrei"]
[Black "Rakotomaharo, Fy Antenaina"]
[Result "0-1"]
[WhiteElo "2656"]
[BlackElo "2487"]
[Annotator "TA"]
[PlyCount "55"]
[EventDate "2021.11.02"]
[EventType "swiss"]
[EventCountry "LAT"]
[SourceTitle "playchess.com"]
[Source "ChessBase"]
[SourceQuality "1"]

1. e4 e5 2. Nf3 Nc6 3. Bc4 Bc5 4. O-O Nf6 5. d3 d6 6. c3 a5 7. Re1 Ba7 8. Na3
O-O 9. Bg5 h6 10. Bh4 g5 11. Bg3 Nh7 12. Nc2 h5 13. h4 Bg4 14. hxg5 Nxg5 15.
Ne3 Bxe3 16. Rxe3 Kh8 17. d4 Bxf3 18. gxf3 h4 19. Bh2 Qf6 20. Kh1 Nh3 21. Qd2
Rg8 22. f4 Nxf4 23. Rf3 Rg4 24. Bxf4 exf4 25. Rh3 f3 26. Qe3 Rag8 27. Rxf3 Qg6
28. Qe1 0-1

[Event "Lindores Abbey Tal Blitz 2021"]
[Site "Riga"]
[Date "2021.11.08"]
[Round "17.31"]
[White "Yilmaz, Mustafa"]
[Black "Van Foreest, Jorden"]
[Result "1-0"]
[WhiteElo "2626"]
[BlackElo "2701"]
[Annotator "ChessBase"]
[PlyCount "59"]
[EventDate "2021.11.02"]
[EventType "swiss"]
[EventCountry "LAT"]
[SourceTitle "playchess.com"]
[Source "ChessBase"]
[SourceQuality "1"]

1. Nf3 Nf6 2. g3 g6 3. Bg2 Bg7 4. O-O O-O 5. c4 d6 6. Nc3 Nc6 7. d3 e5 8. Rb1
a5 9. b3 Nh5 10. Nd2 f5 11. Ba3 Nb4 12. Bb2 c6 13. a3 Na6 14. Ba1 Nc7 15. b4
axb4 16. axb4 d5 17. cxd5 cxd5 18. Na4 Ra7 19. b5 Ra5 20. b6 Na8 21. Bc3 Ra6
22. Qb3 Kh8 23. Nc5 Rxb6 24. Qxd5 Rd6 25. Qa2 b6 26. Nc4 Rd5 27. Qxa8 Rxc5 28.
Bb4 Qe7 29. Nxb6 Be6 30. Qa3 1-0

[Event "Lindores Abbey Tal Blitz 2021"]
[Site "Riga"]
[Date "2021.11.08"]
[Round "17.32"]
[White "Ponkratov, Pavel"]
[Black "Ganguly, Surya Shekhar"]
[Result "1-0"]
[WhiteElo "2662"]
[BlackElo "2633"]
[Annotator "TA"]
[PlyCount "58"]
[EventDate "2021.11.02"]
[EventType "swiss"]
[EventCountry "LAT"]
[SourceTitle "playchess.com"]
[Source "ChessBase"]
[SourceQuality "1"]

1. g3 Nf6 2. Bg2 d5 3. Nf3 e6 4. c4 Be7 5. cxd5 exd5 6. O-O O-O 7. Qc2 Re8 8.
b3 Bg4 9. Bb2 Nc6 10. Ng5 d4 11. f3 Bh5 12. e4 Bg6 13. Nh3 Nd5 14. a3 d3 15.
Qxd3 Bf6 16. Bxf6 Qxf6 17. Nc3 Nxc3 18. dxc3 Rad8 19. Qe3 Qd6 20. Nf2 f5 21.
Rfd1 Qe7 22. b4 a5 23. Rxd8 Rxd8 24. Re1 fxe4 25. f4 Qf7 26. Bxe4 Qb3 27. Bxg6
hxg6 28. Ne4 Ne7 29. Ng5 Rd7 1-0

[Event "Lindores Abbey Tal Blitz 2021"]
[Site "Riga"]
[Date "2021.11.08"]
[Round "17.33"]
[White "Ponomariov, Ruslan"]
[Black "Ter-Sahakyan, Samvel"]
[Result "0-1"]
[WhiteElo "2633"]
[BlackElo "2615"]
[Annotator "TA"]
[PlyCount "93"]
[EventDate "2021.11.02"]
[EventType "swiss"]
[EventCountry "LAT"]
[SourceTitle "playchess.com"]
[Source "ChessBase"]
[SourceQuality "1"]

1. e4 c5 2. Nf3 d6 3. d4 cxd4 4. Nxd4 Nf6 5. Nc3 a6 6. f3 e5 7. Nb3 Be7 8. Be3
Be6 9. Qd2 h5 10. O-O-O Nbd7 11. Kb1 Rc8 12. Nd5 Nxd5 13. exd5 Bf5 14. Bd3 Bxd3
15. Qxd3 Bg5 16. Bf2 O-O 17. h4 Bh6 18. c3 f5 19. g3 b5 20. Qe2 Nf6 21. Rhe1
Rc4 22. a3 a5 23. a4 Rxa4 24. Qxb5 Qd7 25. Qxd7 Nxd7 26. Kc2 f4 27. gxf4 Rfxf4
28. Rd3 Rf5 29. Re2 Nf6 30. Be1 Kh7 31. Nd2 Bxd2 32. Kxd2 Ra1 33. Kc2 a4 34. c4
Rf4 35. c5 dxc5 36. Rxe5 Rc4+ 37. Bc3 Rxh4 38. d6 Rh2+ 39. Rd2 Rxd2+ 40. Kxd2
a3 41. bxa3 Ra2+ 42. Kd3 Rxa3 43. Kc4 Kg6 44. Rxc5 Ra7 45. Rc7 Rxc7+ 46. dxc7
Ne8 47. Kd4 0-1

[Event "Lindores Abbey Tal Blitz 2021"]
[Site "Riga"]
[Date "2021.11.08"]
[Round "17.34"]
[White "Morovic Fernandez, Ivan"]
[Black "Sjugirov, Sanan"]
[Result "0-1"]
[WhiteElo "2510"]
[BlackElo "2663"]
[Annotator "RC"]
[PlyCount "74"]
[EventDate "2021.11.02"]
[EventType "swiss"]
[EventCountry "LAT"]
[SourceTitle "playchess.com"]
[Source "ChessBase"]
[SourceQuality "1"]

1. e4 c5 2. Nf3 d6 3. d4 cxd4 4. Nxd4 Nf6 5. Nc3 a6 6. Be2 e5 7. Nb3 Be7 8. O-O
O-O 9. Be3 Be6 10. Qd2 Nbd7 11. a4 Nb6 12. a5 Nc4 13. Bxc4 Bxc4 14. Rfd1 Rc8
15. Nc1 Qc7 16. Nd3 Be6 17. f3 d5 18. exd5 Nxd5 19. Nxd5 Bxd5 20. Nb4 Be6 21.
Nd5 Bxd5 22. Qxd5 Rfd8 23. Qe4 Bc5 24. Bxc5 Qxc5+ 25. Kh1 Qb5 26. b3 g6 27.
Rxd8+ Rxd8 28. h3 Rd4 29. Qe3 Qd5 30. Re1 f6 31. Kh2 Qxa5 32. c3 Rd7 33. f4 Re7
34. Qf3 Qc7 35. Qd5+ Kg7 36. Qe4 Qxc3 37. Kh1 Qxb3 0-1

[Event "Lindores Abbey Tal Blitz 2021"]
[Site "Riga"]
[Date "2021.11.08"]
[Round "17.35"]
[White "Donchenko, Alexander"]
[Black "Chigaev, Maksim"]
[Result "1/2-1/2"]
[WhiteElo "2645"]
[BlackElo "2626"]
[Annotator "TA"]
[PlyCount "165"]
[EventDate "2021.11.02"]
[EventType "swiss"]
[EventCountry "LAT"]
[SourceTitle "playchess.com"]
[Source "ChessBase"]
[SourceQuality "1"]

1. e4 c5 2. Nf3 d6 3. Bb5+ Nd7 4. O-O a6 5. Bd3 Ngf6 6. Re1 b5 7. c3 Bb7 8. Bc2
e6 9. d4 Be7 10. Nbd2 cxd4 11. cxd4 O-O 12. Nf1 Rc8 13. Bg5 h6 14. Bd2 e5 15.
d5 Nh7 16. Ng3 Re8 17. a4 bxa4 18. Bxa4 Rf8 19. Nf5 Nc5 20. Ba5 Qxa5 21. Nxe7+
Kh8 22. Nxc8 Bxc8 23. Bd7 Qb4 24. Bxc8 Rxc8 25. Qd2 Rb8 26. Rec1 Qxe4 27. Ra3
Nf6 28. h3 Nb3 29. Rxb3 Rxb3 30. Qa5 Kh7 31. Qxa6 Qxd5 32. Qe2 e4 33. Rd1 Rxb2
34. Qe1 Qh5 35. Nd4 e3 36. fxe3 Ne4 37. Rb1 Rd2 38. Nf3 Ra2 39. Ra1 Rxa1 40.
Qxa1 Qd5 41. Qb1 g6 42. Nd4 Nc5 43. Qf1 Kg7 44. Kh1 Qe5 45. Qf3 h5 46. Nc6 Qa1+
47. Kh2 Ne6 48. Qd5 Qa3 49. Ne7 Qxe3 50. Qxd6 h4 51. Nd5 Qd4 52. Kh1 Qd1+ 53.
Kh2 Qd4 54. Kh1 Ng5 55. Nc7 Qxd6 56. Ne8+ Kf8 57. Nxd6 Ke7 58. Nc4 Ne4 59. Ne3
f5 60. Kg1 Ke6 61. Nc4 Kd5 62. Nb6+ Kd4 63. Nd7 g5 64. Nf8 Nc5 65. Nh7 Ne6 66.
Nf6 Ke5 67. Nd7+ Kf4 68. Nf6 Ke5 69. Nd7+ Ke4 70. Nf6+ Ke3 71. Nd5+ Kd4 72. Nf6
Kc5 73. Kf2 Kd6 74. Ng8 Ke5 75. Ne7 Nc5 76. Nc6+ Kf4 77. Nd4 Ne4+ 78. Kg1 Nc3
79. Ne6+ Ke5 80. Nxg5 Kf4 81. Nf3 Kg3 82. Nd4 Kf4 83. Nf3 1/2-1/2

[Event "Lindores Abbey Tal Blitz 2021"]
[Site "Riga"]
[Date "2021.11.08"]
[Round "17.36"]
[White "Oparin, Grigoriy"]
[Black "Stefanova, Antoaneta"]
[Result "1/2-1/2"]
[WhiteElo "2659"]
[BlackElo "2475"]
[Annotator "TA"]
[PlyCount "52"]
[EventDate "2021.11.02"]
[EventType "swiss"]
[EventCountry "LAT"]
[SourceTitle "playchess.com"]
[Source "ChessBase"]
[SourceQuality "1"]

1. d4 d5 2. Nc3 Nf6 3. Bf4 Bf5 4. f3 e6 5. g4 Bg6 6. h4 h5 7. g5 Nfd7 8. e3 a6
9. Qd2 c5 10. Nge2 Nc6 11. Bh2 cxd4 12. exd4 Qb6 13. Na4 Qb4 14. b3 Qxd2+ 15.
Kxd2 b5 16. Nb2 Ba3 17. Nd3 Rc8 18. c3 b4 19. c4 dxc4 20. bxc4 Na5 21. c5 Nc4+
22. Kc2 Ne3+ 23. Kd2 Nc4+ 24. Kc2 Ne3+ 25. Kd2 Nc4+ 26. Kc2 Ne3+ 1/2-1/2

[Event "Lindores Abbey Tal Blitz 2021"]
[Site "Riga"]
[Date "2021.11.08"]
[Round "17.37"]
[White "Sethuraman, S.P.."]
[Black "Demchenko, Anton"]
[Result "0-1"]
[WhiteElo "2620"]
[BlackElo "2655"]
[Annotator "TA"]
[PlyCount "35"]
[EventDate "2021.11.02"]
[EventType "swiss"]
[EventCountry "LAT"]
[SourceTitle "playchess.com"]
[Source "ChessBase"]
[SourceQuality "1"]

1. e4 e5 2. Nf3 Nc6 3. Bb5 a6 4. Ba4 d6 5. O-O Nf6 6. Re1 Bg4 7. c3 Nd7 8. d3
Be7 9. h3 Bxf3 10. Qxf3 O-O 11. Nd2 Bg5 12. Bc2 a5 13. g3 b5 14. h4 Bh6 15. Nf1
Bxc1 16. Raxc1 Qf6 17. Qd1 a4 18. Ne3 0-1

[Event "Lindores Abbey Tal Blitz 2021"]
[Site "Riga"]
[Date "2021.11.08"]
[Round "17.38"]
[White "Gunina, Valentina"]
[Black "Henriquez Villagra, Cristobal"]
[Result "0-1"]
[WhiteElo "2480"]
[BlackElo "2608"]
[Annotator "TA"]
[PlyCount "73"]
[EventDate "2021.11.02"]
[EventType "swiss"]
[EventCountry "LAT"]
[SourceTitle "playchess.com"]
[Source "ChessBase"]
[SourceQuality "1"]

1. d4 Nf6 2. c4 g6 3. Nc3 Bg7 4. e4 d6 5. Be2 O-O 6. Be3 Na6 7. h4 h5 8. Qc2 e5
9. d5 Nc5 10. Bg5 a5 11. O-O-O Bd7 12. f3 Qe8 13. g4 hxg4 14. Bxf6 Bxf6 15.
fxg4 Kg7 16. Rf1 Rh8 17. h5 Bg5+ 18. Kb1 Qe7 19. Nh3 Be3 20. Rf3 Bd4 21. Rhf1
Raf8 22. Rg3 Qh4 23. Rff3 f6 24. Rg2 a4 25. Nb5 Bxb5 26. cxb5 Qe1+ 27. Qd1
Qxd1+ 28. Bxd1 Nxe4 29. hxg6 Ng5 30. Nxg5 fxg5 31. Rxf8 Rxf8 32. Bxa4 e4 33.
Re2 e3 34. Kc2 Kxg6 35. Kd3 Rf4 36. Bd1 Bb6 37. Kc2 0-1

[Event "Lindores Abbey Tal Blitz 2021"]
[Site "Riga"]
[Date "2021.11.08"]
[Round "17.39"]
[White "Assaubayeva, Bibisara"]
[Black "Rakhmanov, Aleksandr"]
[Result "0-1"]
[WhiteElo "2400"]
[BlackElo "2650"]
[Annotator "TA"]
[PlyCount "134"]
[EventDate "2021.11.02"]
[EventType "swiss"]
[EventCountry "LAT"]
[SourceTitle "playchess.com"]
[Source "ChessBase"]
[SourceQuality "1"]

1. d4 Nf6 2. c4 d6 3. Nc3 e5 4. g3 exd4 5. Qxd4 Nc6 6. Qd2 Be6 7. e4 a5 8. b3
g6 9. Bb2 Bg7 10. Bg2 O-O 11. Nge2 a4 12. Rd1 Nd7 13. Nxa4 Bxb2 14. Nxb2 Rxa2
15. O-O Nc5 16. Qc3 Ra3 17. Nc1 Qa8 18. Nbd3 Qa5 19. Qb2 Nxd3 20. Rxd3 Ra8 21.
f4 Qb4 22. Qf2 R8a5 23. e5 dxe5 24. Bxc6 bxc6 25. Rd8+ Kg7 26. fxe5 Qe7 27.
Qf6+ Qxf6 28. exf6+ Kh6 29. Rd4 g5 30. h4 Kg6 31. hxg5 Rxg5 32. Kg2 h5 33. Rd8
Rf5 34. Rxf5 Bxf5 35. Ne2 Rxb3 36. Nf4+ Kxf6 37. Nxh5+ Ke7 38. Rd4 c5 39. Rf4
Rb2+ 40. Kf3 Bc2 41. Nf6 Bd1+ 42. Ke3 c6 43. Ng8+ Kf8 44. Nf6 Ke7 45. Ng8+ Ke8
46. Nf6+ Kd8 47. Ne4 Re2+ 48. Kd3 Rg2 49. Rxf7 Bc2+ 50. Ke3 Bxe4 51. Kxe4 Rxg3
52. Ke5 Rd3 53. Ke6 Rd4 54. Ra7 Kc8 55. Rh7 Kb8 56. Rh5 Kc7 57. Rxc5 Kb6 58.
Rh5 Rxc4 59. Rh1 Re4+ 60. Kd6 Rd4+ 61. Ke5 c5 62. Rb1+ Kc6 63. Rc1 Rh4 64. Ra1
c4 65. Ra4 Kb5 66. Ra8 Kb4 67. Rb8+ Kc3 0-1

[Event "Lindores Abbey Tal Blitz 2021"]
[Site "Riga"]
[Date "2021.11.08"]
[Round "17.40"]
[White "Javakhishvili, Lela"]
[Black "Meshkovs, Nikita"]
[Result "0-1"]
[WhiteElo "2446"]
[BlackElo "2557"]
[Annotator "ChessBase"]
[PlyCount "114"]
[EventDate "2021.11.02"]
[EventType "swiss"]
[EventCountry "LAT"]
[SourceTitle "playchess.com"]
[Source "ChessBase"]
[SourceQuality "1"]

1. d4 Nf6 2. c4 c5 3. d5 g6 4. Nc3 Bg7 5. e4 O-O 6. Bd3 d6 7. h3 e6 8. Nf3 Na6
9. O-O Nc7 10. Be3 e5 11. a3 Nd7 12. Qc2 a5 13. Rab1 Na6 14. Nb5 Qe7 15. Bd2 b6
16. Nh2 Nf6 17. g4 Nc7 18. Nc3 Kh8 19. Kg2 Ng8 20. b4 axb4 21. axb4 Na6 22.
bxc5 Nxc5 23. Rxb6 f5 24. f3 Qd8 25. Rfb1 h5 26. Be2 Bh6 27. Nf1 fxg4 28. hxg4
Bf4 29. Bxf4 Rxf4 30. Ne3 Ra7 31. Rb8 Rh7 32. Rh1 Qc7 33. Qb2 hxg4 34. Rxh7+
Qxh7 35. fxg4 Qh4 36. Bf3 Nd3 37. Qe2 Ne1+ 38. Kf1 Nxf3 39. Ng2 Qh1+ 40. Kf2
Qg1+ 41. Kg3 Qh2+ 42. Kf2 Nd4+ 43. Ke3 Nxe2 44. Nxf4 Nxf4 45. Rxc8 Qg1+ 46. Kd2
Qf2+ 47. Kd1 Kg7 48. c5 dxc5 49. Rc7+ Kh6 50. d6 Qd4+ 51. Kc2 Qd3+ 52. Kb2 Qd2+
53. Kb3 Qxd6 54. Nb5 Qd3+ 55. Ka4 Nf6 56. Ka5 Nxe4 57. g5+ Kh5 0-1

[Event "Lindores Abbey Tal Blitz 2021"]
[Site "Riga"]
[Date "2021.11.08"]
[Round "17.41"]
[White "Munguntuul, Batkhuyag"]
[Black "Ernst, Sipke"]
[Result "1-0"]
[WhiteElo "2433"]
[BlackElo "2532"]
[Annotator "ChessBase"]
[PlyCount "117"]
[EventDate "2021.11.02"]
[EventType "swiss"]
[EventCountry "LAT"]
[SourceTitle "playchess.com"]
[Source "ChessBase"]
[SourceQuality "1"]

1. e4 e5 2. Nf3 Nc6 3. Bb5 a6 4. Ba4 Nf6 5. d3 Bc5 6. Nc3 b5 7. Bb3 d6 8. Nd5
Na5 9. Bg5 Nxb3 10. axb3 c6 11. Nxf6+ gxf6 12. Bh4 Rg8 13. O-O Bg4 14. Kh1 Rg6
15. c3 Bb6 16. Rg1 Rh6 17. Bg3 f5 18. exf5 Qf6 19. Qd2 Rh5 20. Rae1 O-O-O 21.
d4 Bxf3 22. gxf3 Qxf5 23. Qe3 exd4 24. cxd4 Qd5 25. Rd1 Rf5 26. Kg2 Rf6 27. Qe4
Rf5 28. Rge1 h5 29. Rc1 Qxe4 30. fxe4 Rg5 31. Rxc6+ Kb7 32. Rec1 h4 33. d5 hxg3
34. fxg3 Re5 35. Rf1 Rd7 36. Rf4 Be3 37. Rf6 Bc5 38. Kf3 Rde7 39. Rf4 Rh5 40.
h4 Rhe5 41. g4 a5 42. h5 Rg5 43. h6 Rg6 44. e5 dxe5 45. Rff6 Rxf6+ 46. Rxf6 e4+
47. Ke2 Bd4 48. Rf5 Rc7 49. d6 Rc2+ 50. Kd1 Rh2 51. Rxf7+ Kc6 52. g5 e3 53. d7
Kc7 54. h7 Bxb2 55. Re7 Bd4 56. g6 Kd8 57. g7 Bxg7 58. Rxg7 e2+ 59. Ke1 1-0

[Event "Lindores Abbey Tal Blitz 2021"]
[Site "Riga"]
[Date "2021.11.08"]
[Round "17.42"]
[White "Budisavljevic, Luka"]
[Black "Zhou, Jianchao"]
[Result "0-1"]
[WhiteElo "2511"]
[BlackElo "2616"]
[Annotator "TA"]
[PlyCount "76"]
[EventDate "2021.11.02"]
[EventType "swiss"]
[EventCountry "LAT"]
[SourceTitle "playchess.com"]
[Source "ChessBase"]
[SourceQuality "1"]

1. d4 f5 2. Nc3 Nf6 3. Bg5 d5 4. Bxf6 exf6 5. e3 Be6 6. Qf3 Nc6 7. Bd3 Qd7 8.
a3 O-O-O 9. Nge2 g5 10. Ng3 f4 11. exf4 Nxd4 12. Qe3 Nxc2+ 13. Bxc2 d4 14. Qd3
dxc3 15. Qxd7+ Bxd7 16. bxc3 Re8+ 17. Kd1 gxf4 18. Ne4 Bg7 19. Nc5 Bc6 20. f3
b6 21. Bf5+ Kb8 22. Na6+ Kb7 23. Nb4 Ba4+ 24. Kc1 a5 25. Nc2 Re5 26. Be4+ Kc8
27. Nd4 Bd7 28. Rd1 f5 29. Bc2 c5 30. Nb3 a4 31. Nd2 b5 32. c4 Re2 33. Rb1 b4
34. axb4 a3 35. Bb3 cxb4 36. c5 Bb5 37. Kc2 Rd8 38. Rbc1 Bd3# 0-1

[Event "Lindores Abbey Tal Blitz 2021"]
[Site "Riga"]
[Date "2021.11.08"]
[Round "17.43"]
[White "Saduakassova, Dinara"]
[Black "Tregubov, Pavel V."]
[Result "1-0"]
[WhiteElo "2491"]
[BlackElo "2537"]
[Annotator "ChessBase"]
[PlyCount "91"]
[EventDate "2021.11.02"]
[EventType "swiss"]
[EventCountry "LAT"]
[SourceTitle "playchess.com"]
[Source "ChessBase"]
[SourceQuality "1"]

1. d4 Nf6 2. Nf3 e6 3. Bf4 c5 4. e3 b6 5. Nbd2 Bb7 6. Bd3 Be7 7. h3 O-O 8. O-O
d6 9. c3 Nbd7 10. Bh2 Re8 11. Re1 Bf8 12. e4 cxd4 13. cxd4 a6 14. Rc1 b5 15.
Bb1 e5 16. d5 Qb6 17. Qe2 Rac8 18. Nf1 g6 19. Ne3 Bh6 20. Bg3 Nh5 21. Rxc8 Rxc8
22. Kh2 Nxg3 23. fxg3 Bxe3 24. Qxe3 Qxe3 25. Rxe3 Rc1 26. Re1 Rxe1 27. Nxe1 Nc5
28. g4 b4 29. Nd3 Nxe4 30. Nxb4 Nf6 31. Bd3 a5 32. Nc6 Nxd5 33. Nxa5 Bc8 34.
Nc4 Nb4 35. Nxd6 Nxd3 36. Nxc8 Nxb2 37. g5 f5 38. gxf6 Kf7 39. Kg3 Kxf6 40. Nd6
Na4 41. Ne4+ Kf5 42. Kf3 h6 43. Ke3 Ke6 44. Kd3 Kd5 45. Nc3+ Nxc3 46. Kxc3 1-0

[Event "Lindores Abbey Tal Blitz 2021"]
[Site "Riga"]
[Date "2021.11.08"]
[Round "17.44"]
[White "Miezis, Normunds"]
[Black "Harika, Dronavalli"]
[Result "1-0"]
[WhiteElo "2446"]
[BlackElo "2511"]
[Annotator "ChessBase"]
[PlyCount "136"]
[EventDate "2021.11.02"]
[EventType "swiss"]
[EventCountry "LAT"]
[SourceTitle "playchess.com"]
[Source "ChessBase"]
[SourceQuality "1"]

1. c4 e6 2. e4 d5 3. exd5 exd5 4. d4 Nf6 5. Nc3 Bb4 6. Nf3 O-O 7. Be2 dxc4 8.
Bxc4 Nbd7 9. O-O Nb6 10. Bb3 Bg4 11. h3 Bh5 12. Bg5 Be7 13. Re1 c6 14. Re5 Bg6
15. Qe1 Bd6 16. Rd1 Qc7 17. Bxf6 gxf6 18. Re3 Kg7 19. Qe2 a5 20. a4 Rad8 21.
Nh4 Bf4 22. Re7 Rd7 23. Rxd7 Qxd7 24. Qf3 Bg5 25. Qg3 Rd8 26. Nf3 Bh6 27. h4
Qd6 28. Qg4 f5 29. Qh3 f6 30. h5 Be8 31. Qxf5 Nd5 32. Bc2 Qf4 33. Qxh7+ Kf8 34.
Re1 Bg7 35. Nxd5 cxd5 36. Bg6 Bxa4 37. g3 Qh6 38. Qxh6 Bxh6 39. Nh4 Bd7 40. Bf5
Be8 41. Re6 Bg5 42. Nf3 Bf7 43. Nxg5 fxg5 44. Rb6 Bxh5 45. Rxb7 Bf3 46. g4 Re8
47. Kh2 Re2 48. Kg3 Be4 49. Bxe4 Rxe4 50. Rb5 Rxd4 51. Rxa5 Ke7 52. f3 Kd6 53.
Ra6+ Kc5 54. Rg6 Rb4 55. Rxg5 Rxb2 56. Rg8 Kc4 57. g5 d4 58. g6 Rb1 59. Kf4 Rg1
60. Kf5 d3 61. Rc8+ Kb3 62. Rd8 Kc2 63. f4 d2 64. Kf6 Rg3 65. g7 d1=Q 66. Rxd1
Kxd1 67. Kf7 Ke2 68. g8=Q Rxg8 1-0

[Event "Lindores Abbey Tal Blitz 2021"]
[Site "Riga"]
[Date "2021.11.08"]
[Round "17.45"]
[White "Lujan, Carolina"]
[Black "Kosteniuk, Alexandra"]
[Result "0-1"]
[WhiteElo "2340"]
[BlackElo "2518"]
[Annotator "ChessBase"]
[PlyCount "110"]
[EventDate "2021.11.02"]
[EventType "swiss"]
[EventCountry "LAT"]
[SourceTitle "playchess.com"]
[Source "ChessBase"]
[SourceQuality "1"]

1. e4 c6 2. Nf3 d5 3. Nc3 dxe4 4. Nxe4 Nf6 5. Qe2 Nxe4 6. Qxe4 Nd7 7. Bc4 Nf6
8. Ne5 e6 9. Qe2 b5 10. Bb3 Qb6 11. O-O Be7 12. c3 O-O 13. d4 c5 14. dxc5 Bxc5
15. Bg5 Nd5 16. Bc2 f5 17. Rae1 a5 18. Kh1 Qc7 19. Qh5 Bb7 20. Bd3 b4 21. c4
Nf6 22. Qe2 Ne4 23. Bxe4 fxe4 24. Ng4 Rf5 25. Be3 Bd6 26. h3 h5 27. c5 Bxc5 28.
Bxc5 Rxc5 29. Ne3 Rf8 30. Rd1 Bc6 31. Qd2 Bb5 32. Rfe1 Bd3 33. Rc1 Rxc1 34.
Rxc1 Qf4 35. Kg1 Qe5 36. b3 Qg5 37. Nc4 Qxd2 38. Nxd2 Rf5 39. g3 Rd5 40. Re1
Rd4 41. Kg2 Kf7 42. f3 exf3+ 43. Nxf3 Rd5 44. Ne5+ Kf6 45. Nxd3 Rxd3 46. Re2 e5
47. Rf2+ Ke6 48. Rc2 Kd5 49. Kf2 g5 50. Re2 g4 51. hxg4 hxg4 52. Kg2 e4 53. Kf2
Kd4 54. Kg2 e3 55. Rc2 Rd2+ 0-1

[Event "Lindores Abbey Tal Blitz 2021"]
[Site "Riga"]
[Date "2021.11.08"]
[Round "17.46"]
[White "Cori T., Deysi"]
[Black "Batsiashvili, Nino"]
[Result "0-1"]
[WhiteElo "2396"]
[BlackElo "2491"]
[Annotator "ChessBase"]
[PlyCount "60"]
[EventDate "2021.11.02"]
[EventType "swiss"]
[EventCountry "LAT"]
[SourceTitle "playchess.com"]
[Source "ChessBase"]
[SourceQuality "1"]

1. d4 d5 2. Nf3 Nf6 3. c4 e6 4. e3 Be7 5. Nc3 O-O 6. Bd3 b6 7. O-O Bb7 8. b3
Nbd7 9. Bb2 Ne4 10. Nd2 f5 11. f3 Nxd2 12. Qxd2 Nf6 13. cxd5 Nxd5 14. Nxd5 exd5
15. Rac1 Bd6 16. f4 Qe7 17. Rf3 a5 18. Bb5 Qe6 19. Qc2 Rf7 20. h3 Re7 21. Kh1
Rc8 22. Bd3 g6 23. Rg1 c5 24. dxc5 Bxc5 25. Rg3 Bxe3 26. Rxe3 Qxe3 27. Qd1 d4
28. Kh2 Qxf4+ 29. g3 Qf2+ 30. Rg2 Qxg2# 0-1

[Event "Lindores Abbey Tal Blitz 2021"]
[Site "Riga"]
[Date "2021.11.08"]
[Round "17.47"]
[White "Shuvalova, Polina"]
[Black "Zhu, Jiner"]
[Result "0-1"]
[WhiteElo "2515"]
[BlackElo "2455"]
[Annotator "ChessBase"]
[PlyCount "92"]
[EventDate "2021.11.02"]
[EventType "swiss"]
[EventCountry "LAT"]
[SourceTitle "playchess.com"]
[Source "ChessBase"]
[SourceQuality "1"]

1. e4 c5 2. Nf3 d6 3. d4 cxd4 4. Nxd4 Nf6 5. Nc3 a6 6. g3 e5 7. Nb3 Be6 8. Bg2
Be7 9. O-O O-O 10. Nd5 Nbd7 11. Be3 b5 12. a4 Bxd5 13. exd5 b4 14. a5 Qc7 15.
Nc1 Rfc8 16. Nd3 Rab8 17. b3 e4 18. Nb2 Ne5 19. Bd4 Rb5 20. Re1 Rxd5 21. Qd2
Qxc2 22. Qxb4 Rb5 23. Qa4 Qxb3 24. Qxb3 Rxb3 25. Na4 Bd8 26. Nb6 Rc2 27. Bxe5
dxe5 28. Bxe4 Nxe4 29. Rxe4 f6 30. Rc4 Rd2 31. Rc8 Kf7 32. Nc4 Rd7 33. Rc1 Rb5
34. Kg2 Bxa5 35. Ra1 Bb4 36. Rxa6 Rc5 37. Rxc5 Bxc5 38. Ra2 h5 39. h4 Bd4 40.
Nd2 Ke6 41. Kf3 f5 42. Ra6+ Kf7 43. Nb3 g6 44. Ra4 Bb6 45. Ra6 Rd3+ 46. Kg2
Rxb3 0-1

[Event "Lindores Abbey Tal Blitz 2021"]
[Site "Riga"]
[Date "2021.11.08"]
[Round "17.48"]
[White "Socko, Monika"]
[Black "Neiksans, Arturs"]
[Result "1-0"]
[WhiteElo "2393"]
[BlackElo "2575"]
[Annotator "ChessBase"]
[PlyCount "91"]
[EventDate "2021.11.02"]
[EventType "swiss"]
[EventCountry "LAT"]
[SourceTitle "playchess.com"]
[Source "ChessBase"]
[SourceQuality "1"]

1. d4 f5 2. Nf3 Nf6 3. g3 g6 4. Bg2 Bg7 5. O-O O-O 6. b4 Nc6 7. b5 Na5 8. Qd3
d5 9. Nbd2 a6 10. c4 axb5 11. cxb5 Ne4 12. Bb2 Be6 13. Ne5 Bxe5 14. dxe5 Nc4
15. Nxc4 dxc4 16. Qc2 Qd5 17. a4 Rfd8 18. Rfd1 Qc5 19. e3 Qb4 20. Rxd8+ Rxd8
21. Bxe4 fxe4 22. Bd4 b6 23. Rb1 Qa3 24. Ra1 Qd3 25. Qc3 Qe2 26. Qe1 Qh5 27.
Qd1 Bg4 28. Qf1 Be2 29. Qg2 Qf5 30. Re1 Bd3 31. h3 Rxd4 32. exd4 c3 33. g4 Qf4
34. Qg3 Qd2 35. Qe3 Qb2 36. e6 c2 37. Qf4 h5 38. g5 Qc3 39. Qf7+ Kh8 40. Qf8+
Kh7 41. Qxe7+ Kh8 42. Qf8+ Kh7 43. Qf7+ Kh8 44. Rc1 Qd2 45. e7 Qxg5+ 46. Kh2
1-0

[Event "Lindores Abbey Tal Blitz 2021"]
[Site "Riga"]
[Date "2021.11.08"]
[Round "17.49"]
[White "Garifullina, Leya"]
[Black "Firat, Burak"]
[Result "1-0"]
[WhiteElo "2416"]
[BlackElo "2480"]
[Annotator "ChessBase"]
[PlyCount "71"]
[EventDate "2021.11.02"]
[EventType "swiss"]
[EventCountry "LAT"]
[SourceTitle "playchess.com"]
[Source "ChessBase"]
[SourceQuality "1"]

1. e4 d6 2. d4 Nf6 3. Nc3 e5 4. Nf3 Nbd7 5. Bc4 Be7 6. O-O O-O 7. h3 c6 8. a4
h6 9. Re1 Re8 10. Ba2 Bf8 11. Be3 Qc7 12. Qd2 exd4 13. Bxd4 Ne5 14. Nxe5 dxe5
15. Be3 Be6 16. Bxe6 Rxe6 17. Qe2 Bb4 18. Qc4 Qa5 19. f3 Rd8 20. Red1 Red6 21.
Rxd6 Rxd6 22. Kh2 Bxc3 23. bxc3 a6 24. Qb4 Qc7 25. a5 Rd7 26. Rb1 Qc8 27. Qc5
Qe8 28. Qa7 Qc8 29. Qc5 Qe8 30. Qa7 Qe6 31. Rxb7 Rd1 32. Qb8+ Kh7 33. Qc7 Kg6
34. Rb6 Qc4 35. Qxe5 Qf1 36. Qf5# 1-0